00582nam a2200169Ia 450000500170000000800410001704000190005804100120007708200150008910000200010424501460012426000390027030000180030944000490032770000260037685000100040220230413132750.0131103s9999 xx 000 0 und d aLoreto College aEnglish a823.5bFIE aFielding, Henry 4aThe History of the adventure of Joseph Andrews and his friend Mr. Abraham AdamscHenry Fielding; with an introduction by Howard Mumford Jones aNew YorkbThe Modern Libraryc1950 axxxix,424 p.  aThe Modern Library of the world's best books aJones, Howard Mumford aLCLIB